Wszystkie zespoły które zdobyły potrójną korone - Statystyki

Ogólne statystyki
  • Ten quiz został rozwiązany 104 razy
  • Średni wynik to 8 z 9
Statystyki odpowiedzi
Kraj Rok Odpowiedź % Poprawnych
Hiszpania 08/09 FC Barcelona
97%
Niemcy 12/13 Bayern Monachium
94%
Niemcy 19/20 Bayern Monachium
92%
Szkocja 66/67 Celtic
92%
Hiszpania 14/15 FC Barcelona
92%
Włochy 09/10 Inter Mediolan
91%
Anglia 98/99 Manchester United
91%
Holandia 71/72 Ajax Amsterdam
82%
Holandia 87/88 PSV
81%
Nie znaleziono quizów pasujących do podanych kryteriów
Rozkład punktacji
Procent ludzi z każdym wynikiem
Percentyl według liczby udzielonych odpowiedzi
Twoja historia wyników
Nie rozwiązałeś tego quizu